| 000 | 01447nam a22003617a 4500 | ||
|---|---|---|---|
| 003 | CHAP | ||
| 005 | 20220329134603.0 | ||
| 008 | 971013s r 00010 d | ||
| 010 | _a22608 | ||
| 011 | _a23580 | ||
| 035 | _a27676 | ||
| 040 | _cCHAP | ||
| 082 |
_a584.27 _bC6 1967-68 |
||
| 110 |
_aComisión de Estudios sobre la Ecología de Dioscóreas. México _925678 |
||
| 245 | _aV informe 1967-68 | ||
| 260 |
_aMéxico : _bINIF, _c(s.a.) |
||
| 300 |
_a3 v. _b: ilus. |
||
| 505 | _aContenido: v.1-2 Informe. -- v.3 Análisis sinecológico de las selvas de Terminalia amazonia en la planicie costera del Golfo de México, por José Sarukhan Kermez | ||
| 590 |
_aBATCH-UPD _b10 _c20130110 _lUCH01 _h0202 |
||
| 590 |
_aBATCH-UPD _b10 _c20130110 _lUCH01 _h2116 |
||
| 590 |
_aBATCH-UPD _b10 _c20130409 _lUCH01 _h2211 |
||
| 590 |
_aBATCH-UPD _b10 _c20130410 _lUCH01 _h1426 |
||
| 590 |
_aBATCH-UPD _b10 _c20130914 _lUCH01 _h1204 |
||
| 590 |
_aCONVERSION _b10 _c20130109 _lUCH01 _h1313 |
||
| 650 | 1 | 4 |
_aDioscóreas. _932657 |
| 700 | 0 |
_aSarukhán Kermez, José. _9102673 |
|
| 710 | 0 |
_aInstituto Nacional de Investigaciones Forestales. México. _959336 |
|
| 901 | _aBK | ||
| 942 | _cLIBRO | ||
| 949 |
_a584.27 C6 1967-68 _bBC _cLIBRO _d33724000350294 _eLIBRO _fv.3 _h13503 _i27676 _si |
||
| 949 |
_a584.27 C6 1967-68 _bBC _cLIBRO _d33724000350310 _eLIBRO _fv.1 _h13500 _i27676 _si |
||
| 949 |
_a584.27 C6 1967-68 _bBC _cLIBRO _d33724000350336 _eLIBRO _fv.2 _h13501 _i27676 _si |
||
| 999 |
_c22608 _d22608 |
||